Statistics for The Office US

Click here to take the quiz!

General Stats

  • This quiz has been taken 143 times
  • The average score is 9 of 15

Answer Stats

Question Answer % Correct
What is the worst thing about prison?The Dementors
89%
Who ruins the longest quiet streak?Kevin
81%
Which character is played by Steve Carell's real life wife?Carol
75%
Who did Angela name her baby after?Her favourite cat
69%
What colour does Jim convince Dwight to dye his hair?Blonde
64%
Who sung, "You took me by the hand, made me a man."Hunter
64%
What does Dwight have for everyone in the office?A wig
62%
Who will eat whatever is fanciest, unless there's ribs?Meredith
62%
How many MPH does Michael think he can run?31
60%
Who is the Florida bedbug?Cathy
55%
What does Dwight cover the watermelon in?Butter
55%
"If it were an iPod it would be a..."Shuffle
52%
Kevin and the...Zits
44%
What does the first 'B' stand for?Bizness
36%
What is the name of Toby's protagonist in his novels?Chad Flenderman
26%

Score Distribution

Percentile by Number Answered

Percent of People with Each Score

Your Score History

You have not taken this quiz